<?xml version="1.0" encoding="UTF-8"?>
<collection xmlns="http://www.loc.gov/MARC21/slim">
 <record>
  <leader>01627nam a2200301 a 4500</leader>
  <controlfield tag="001">17123</controlfield>
  <controlfield tag="003">BD-DhAAL</controlfield>
  <controlfield tag="008">090330s2007    njua     b    001 0 eng d</controlfield>
  <datafield tag="999" ind1=" " ind2=" ">
   <subfield code="c">51</subfield>
   <subfield code="d">51</subfield>
  </datafield>
  <datafield tag="010" ind1=" " ind2=" ">
   <subfield code="a">   98038880 </subfield>
  </datafield>
  <datafield tag="020" ind1=" " ind2=" ">
   <subfield code="a">9788120330443</subfield>
  </datafield>
  <datafield tag="040" ind1=" " ind2=" ">
   <subfield code="a">DLC</subfield>
   <subfield code="c">DLC</subfield>
   <subfield code="d">DLC</subfield>
   <subfield code="d">BD-DhAAL</subfield>
  </datafield>
  <datafield tag="082" ind1="0" ind2="0">
   <subfield code="a">658.83</subfield>
   <subfield code="2">21</subfield>
  </datafield>
  <datafield tag="100" ind1="1" ind2=" ">
   <subfield code="a">Malhotra, Naresh K.</subfield>
   <subfield code="9">41185</subfield>
  </datafield>
  <datafield tag="245" ind1="1" ind2="0">
   <subfield code="a">Marketing research :</subfield>
   <subfield code="b">an applied orientation /</subfield>
   <subfield code="c">Naresh K. Malhotra.</subfield>
  </datafield>
  <datafield tag="250" ind1=" " ind2=" ">
   <subfield code="a">Fifth edition</subfield>
  </datafield>
  <datafield tag="260" ind1=" " ind2=" ">
   <subfield code="a">New Delhi:</subfield>
   <subfield code="b">Prentice Hall of India Private Limited,</subfield>
   <subfield code="c">c2007.</subfield>
  </datafield>
  <datafield tag="300" ind1=" " ind2=" ">
   <subfield code="a">xxviii, 811, [61] pages :</subfield>
   <subfield code="b">illustrations ;</subfield>
   <subfield code="c">27 cm.</subfield>
  </datafield>
  <datafield tag="504" ind1=" " ind2=" ">
   <subfield code="a">Includes bibliographical references (pages N1-N34) and index.</subfield>
  </datafield>
  <datafield tag="541" ind1="1" ind2=" ">
   <subfield code="e">17123, 17124, 17125, 17126</subfield>
  </datafield>
  <datafield tag="650" ind1=" " ind2="0">
   <subfield code="a">Marketing research.</subfield>
   <subfield code="9">41186</subfield>
  </datafield>
  <datafield tag="650" ind1=" " ind2="0">
   <subfield code="a">Marketing research</subfield>
   <subfield code="x">Methodology.</subfield>
   <subfield code="9">41187</subfield>
  </datafield>
  <datafield tag="852" ind1=" " ind2=" ">
   <subfield code="a">Ayesha Abed Library</subfield>
   <subfield code="j">General Stacks</subfield>
  </datafield>
  <datafield tag="942" ind1=" " ind2=" ">
   <subfield code="2">ddc</subfield>
   <subfield code="c">BK</subfield>
  </datafield>
  <datafield tag="952" ind1=" " ind2=" ">
   <subfield code="0">0</subfield>
   <subfield code="1">0</subfield>
   <subfield code="2">ddc</subfield>
   <subfield code="4">0</subfield>
   <subfield code="6">658_830000000000000_MAL_2007</subfield>
   <subfield code="7">0</subfield>
   <subfield code="9">46</subfield>
   <subfield code="a">BRACUL</subfield>
   <subfield code="b">BRACUL</subfield>
   <subfield code="c">REF</subfield>
   <subfield code="d">2009-04-28</subfield>
   <subfield code="g">790.00</subfield>
   <subfield code="l">2</subfield>
   <subfield code="m">15</subfield>
   <subfield code="o">658.83 MAL</subfield>
   <subfield code="p">3010017124</subfield>
   <subfield code="r">2013-04-29</subfield>
   <subfield code="s">2013-01-07</subfield>
   <subfield code="t">1</subfield>
   <subfield code="w">2009-04-28</subfield>
   <subfield code="y">RSV</subfield>
  </datafield>
  <datafield tag="952" ind1=" " ind2=" ">
   <subfield code="0">0</subfield>
   <subfield code="1">0</subfield>
   <subfield code="2">ddc</subfield>
   <subfield code="4">0</subfield>
   <subfield code="6">658_830000000000000_MAL_2007</subfield>
   <subfield code="7">0</subfield>
   <subfield code="9">9153</subfield>
   <subfield code="a">BRACUL</subfield>
   <subfield code="b">BRACUL</subfield>
   <subfield code="c">GEN</subfield>
   <subfield code="d">2010-04-11</subfield>
   <subfield code="l">25</subfield>
   <subfield code="m">159</subfield>
   <subfield code="o">658.83 MAL</subfield>
   <subfield code="p">3010017126</subfield>
   <subfield code="r">2025-02-10</subfield>
   <subfield code="s">2024-11-13</subfield>
   <subfield code="t">2</subfield>
   <subfield code="w">2010-04-11</subfield>
   <subfield code="y">BK</subfield>
  </datafield>
  <datafield tag="952" ind1=" " ind2=" ">
   <subfield code="0">0</subfield>
   <subfield code="1">3</subfield>
   <subfield code="2">ddc</subfield>
   <subfield code="4">0</subfield>
   <subfield code="6">658_800000000000000_3_MAL_2007</subfield>
   <subfield code="7">0</subfield>
   <subfield code="9">9200</subfield>
   <subfield code="a">BRACUL</subfield>
   <subfield code="b">BRACUL</subfield>
   <subfield code="c">GEN</subfield>
   <subfield code="d">2010-04-13</subfield>
   <subfield code="g">790.00</subfield>
   <subfield code="l">10</subfield>
   <subfield code="m">54</subfield>
   <subfield code="o">658.83 MAL</subfield>
   <subfield code="p">3010017123</subfield>
   <subfield code="r">2016-09-04</subfield>
   <subfield code="s">2014-02-10</subfield>
   <subfield code="t">3</subfield>
   <subfield code="w">2010-04-13</subfield>
   <subfield code="y">BK</subfield>
   <subfield code="x">Lost and cost paid BDT-1580 by 13104144</subfield>
  </datafield>
  <datafield tag="952" ind1=" " ind2=" ">
   <subfield code="0">0</subfield>
   <subfield code="1">0</subfield>
   <subfield code="2">ddc</subfield>
   <subfield code="4">0</subfield>
   <subfield code="6">658_830000000000000_MAL_2007</subfield>
   <subfield code="7">0</subfield>
   <subfield code="9">12681</subfield>
   <subfield code="a">BRACUL</subfield>
   <subfield code="b">BRACUL</subfield>
   <subfield code="c">GEN</subfield>
   <subfield code="d">2010-10-24</subfield>
   <subfield code="l">23</subfield>
   <subfield code="m">167</subfield>
   <subfield code="o">658.83 MAL</subfield>
   <subfield code="p">3010017125</subfield>
   <subfield code="r">2024-06-09</subfield>
   <subfield code="s">2024-05-12</subfield>
   <subfield code="t">4</subfield>
   <subfield code="w">2010-10-24</subfield>
   <subfield code="y">BK</subfield>
  </datafield>
 </record>
</collection>
